[Event "CAN-ch U08 Girls"]
[Site "Ottawa"]
[Date "2007.07.06"]
[Round "7"]
[White "Wang, Kelly"]
[Black "Duncalfe, Justine"]
[Result "1-0"]
[WhiteElo "1388"]
[BlackElo "938"]
[PlyCount "23"]
[EventDate "2007.07.03"]
[EventType "swiss"]
[EventRounds "7"]
[EventCountry "CAN"]
[SourceTitle "EXT 2022"]
[Source "ChessBase"]
[SourceDate "2021.10.06"]
[SourceVersion "1"]
[SourceVersionDate "2021.10.06"]
[SourceQuality "1"]

1. d4 e6 2. e4 Nf6 3. e5 Ne4 4. Bd3 Ng5 5. Nc3 Bb4 6. Qd2 0-0 7. Qxg5 f6 8. Qh4 Na6 9. Qxh7+ Kf7 10. Bg6+ Ke7 11. Qxg7+ Rf7 12. Qxf7# 1-0

[Event "CAN-ch U08 Girls"]
[Site "Ottawa"]
[Date "2007.07.05"]
[Round "6"]
[White "Duncalfe, Justine"]
[Black "Milicevic, Aleksandra"]
[Result "0-1"]
[WhiteElo "938"]
[BlackElo "755"]
[PlyCount "74"]
[EventDate "2007.07.03"]
[EventType "swiss"]
[EventRounds "7"]
[EventCountry "CAN"]
[SourceTitle "EXT 2022"]
[Source "ChessBase"]
[SourceDate "2021.10.06"]
[SourceVersion "1"]
[SourceVersionDate "2021.10.06"]
[SourceQuality "1"]

1. e4 c5 2. Bb5 a6 3. Ba4 b5 4. Bb3 Nc6 5. Bd5 g6 6. d3 Bb7 7. Qe2 Nf6 8. Bb3 Nd4 9. Qd2 Nc6 10. Ne2 Bg7 11. 0-0 0-0 12. Nbc3 Ng4 13. f3 Nf6 14. d4 cxd4 15. Na4 d3 16. cxd3 bxa4 17. Bxa4 Qc7 18. Qe1 Nh5 19. Bf4 Nxf4 20. Nxf4 Qxf4 21. g3 Qd6 22. f4 Bxb2 23. Rd1 Bd4+ 24. Rf2 Bxf2+ 25. Qxf2 Qa3 26. d4 Qxa4 27. d5 Qxd1+ 28. Kg2 Nd4 29. f5 gxf5 30. exf5 Bxd5+ 31. Kh3 Qd3 32. Kh4 Qe4+ 33. Kh3 Nxf5 34. g4 Rab8 35. gxf5 Bxa2 36. Qg1+ Kh8 37. Qf1 Rb3+ 0-1

[Event "CAN-ch U08 Girls"]
[Site "Ottawa"]
[Date "2007.07.03"]
[Round "2"]
[White "Bilodeau Savaria, Cendrina"]
[Black "Duncalfe, Justine"]
[Result "1-0"]
[WhiteElo "1046"]
[BlackElo "938"]
[PlyCount "57"]
[EventDate "2007.07.03"]
[EventType "swiss"]
[EventRounds "7"]
[EventCountry "CAN"]
[SourceTitle "EXT 2022"]
[Source "ChessBase"]
[SourceDate "2021.10.06"]
[SourceVersion "1"]
[SourceVersionDate "2021.10.06"]
[SourceQuality "1"]

1. d4 e5 2. dxe5 Nh6 3. e3 d6 4. exd6 cxd6 5. Be2 Rg8 6. Nf3 Nf5 7. 0-0 g5 8. Bd2 d5 9. Re1 d4 10. e4 d3 11. exf5 dxe2 12. Qxe2+ Qe7 13. Qxe7+ Bxe7 14. Re2 Kd7 15. Nxg5 Bxg5 16. Bxg5 Rxg5 17. f6 Kc7 18. Re7+ Bd7 19. Rxf7 Re5 20. h3 Re1+ 21. Kh2 Kc8 22. Rf8+ Kc7 23. f7 Na6 24. Rxa8 Nc5 25. f8Q Ne6 26. Qb4 a6 27. Qxe1 a5 28. Qe5+ Kc6 29. Rh8 1-0